000 00276nam a2200109Ia 4500
008 200302s9999 xx 000 0 und d
100 _aKakuzo Akahira
245 _aContemporary British Architectural Drawing
260 _bAcademy Group Ltd.
260 _c1993
300 _a216 P.,
999 _c2040
_d2040